[Event "Challenge"]
[Site "http://www.queenalice.com/game.php?id=599351"]
[Date "2009.6.6"]
[Round "-"]
[White "Elegua"]
[Black "Popeye"]
[Result "1-0"]
[WhiteElo "1662"]
[BlackElo "1630"]

1. e4 e5 2. Nf3 d6 3. d4 exd4 4. Nxd4 a6 5. Nc3 Nf6 6. Bg5 h6 7. Bxf6 Qxf6 8. f3
Be6 9. Nxe6 Qxe6 10. Nd5 Be7 11. Nxc7+ 1-0

[Event "re-Challenge"]
[Site "http://www.queenalice.com/game.php?id=600412"]
[Date "2009.6.8"]
[Round "-"]
[White "Elegua"]
[Black "Popeye"]
[Result "1/2-1/2"]
[WhiteElo "1677"]
[BlackElo "1613"]

1. e4 e5 2. Nf3 d6 3. d4 Bg4 4. Nc3 Bxf3 5. Qxf3 Nf6 6. Bg5 Be7 7. Bxf6 Bxf6 8.
Nd5 a6 9. dxe5 Bxe5 10. Bc4 Bxb2 11. Nb6 Qe7 12. Nc8 Qf6 13. Qxf6 gxf6 14. Rb1
Bc3+ 15. Ke2 Nd7 16. Rhd1 Rxc8 17. Rxb7 1/2-1/2

[Event "re-re Challenge"]
[Site "http://www.queenalice.com/game.php?id=600508"]
[Date "2009.6.8"]
[Round "-"]
[White "Popeye"]
[Black "Elegua"]
[Result "1/2-1/2"]
[WhiteElo "1618"]
[BlackElo "1674"]

1. d4 d5 2. Nc3 Nc6 3. e3 f6 4. Nf3 Bg4 5. Bb5 Qd6 6. Bxc6+ Qxc6 7. h3 Bxf3 8.
Qxf3 e6 9. a3 O-O-O 10. O-O Bd6 11. e4 Ne7 12. Re1 g5 13. e5 fxe5 14. dxe5 Bxe5
15. Rxe5 d4 16. Qxc6 Nxc6 17. Rxe6 dxc3 18. bxc3 Rd1+ 19. Kh2 Rhd8 20. Bb2 Rxa1
21. Bxa1 b6 1/2-1/2

[Event "Frustrated"]
[Site "http://www.queenalice.com/game.php?id=601416"]
[Date "2009.6.10"]
[Round "-"]
[White "Elegua"]
[Black "Popeye"]
[Result "1/2-1/2"]
[WhiteElo "1699"]
[BlackElo "1626"]

1. e4 e5 2. Nf3 d6 3. d4 f6 4. d5 c6 5. h3 a6 6. a3 Qa5+ 7. Nc3 c5 8. Bd2 Qc7 9.
b4 Nd7 10. b5 a5 11. a4 Ne7 12. Be2 Ng6 13. g3 Nb6 14. O-O c4 15. Bxc4 Nxc4 16.
Nxe5 Ngxe5 17. Qf3 Nd3 18. Rfe1 Nf4 19. Ra3 Nxd2 20. g4 Qxc3 21. Re3 Nf1 22. Ra1
1/2-1/2

[Event "AUTO-ADV-1360"]
[Site "http://www.queenalice.com/game.php?id=601495"]
[Date "2009.6.10"]
[Round "1"]
[White "Popeye"]
[Black "Elegua"]
[Result "1/2-1/2"]
[WhiteElo "1592"]
[BlackElo "1675"]

1. d4 d5 2. Nc3 Nf6 3. h3 Nc6 4. Bg5 Qd6 5. Bxf6 Qxf6 6. Nf3 e6 7. a3 Bd7 8. e3
O-O-O 9. Bb5 a6 10. Bxc6 Bxc6 11. Ne2 g5 12. Ng3 Qg6 13. Ne5 Qf6 14. Nxc6 bxc6
15. Qd3 Kd7 16. Qxa6 Bd6 17. b4 Ra8 18. Qe2 Bxg3 19. fxg3 h5 20. g4 h4 21. Qf3
Qxf3 22. gxf3 f6 23. a4 Rhb8 24. c3 Rb5 25. O-O Rb7 26. b5 Ra5 27. Rfb1 Rb6 28.
Rb4 f5 29. bxc6+ Kxc6 30. Re1 Rxb4 31. cxb4 Rxa4 32. Rb1 Kb5 33. Kf2 Rxb4 34.
Rxb4+ Kxb4 35. Ke2 Kc4 1/2-1/2

[Event "AUTO-ADV-1360"]
[Site "http://www.queenalice.com/game.php?id=601511"]
[Date "2009.6.10"]
[Round "1"]
[White "Elegua"]
[Black "amor29052008"]
[Result "0-1"]
[WhiteElo "1667"]
[BlackElo "1731"]

1. e4 c5 2. c4 e6 3. e5 Nc6 4. Nf3 g6 5. d4 cxd4 6. Bd3 Bg7 7. Qe2 Qc7 8. O-O
Nxe5 9. Bf4 Nxf3+ 10. Qxf3 e5 11. Re1 Ne7 12. Bg5 Nc6 13. a3 O-O 14. Bf6 Bxf6
15. Nd2 Bg7 0-1

[Event "AUTO-ADV-1360"]
[Site "http://www.queenalice.com/game.php?id=601512"]
[Date "2009.6.10"]
[Round "1"]
[White "amor29052008"]
[Black "Elegua"]
[Result "1-0"]
[WhiteElo "1744"]
[BlackElo "1654"]

1. d4 d5 2. c4 Nf6 3. e3 e6 4. Nf3 Nc6 5. Bd3 a6 6. O-O h6 7. b3 Bb4 8. Bb2 Be7
9. Nc3 Bb4 10. a3 Bxc3 11. Bxc3 Ne4 12. Bb2 f5 13. Nd2 Bd7 14. Rc1 Nxd2 15. Qxd2
1-0

[Event "AUTO-ADV-1362"]
[Site "http://www.queenalice.com/game.php?id=602345"]
[Date "2009.6.12"]
[Round "1"]
[White "gedalias"]
[Black "Elegua"]
[Result "1-0"]
[WhiteElo "1850"]
[BlackElo "1567"]

1. e4 e5 2. Nf3 Nc6 3. Bc4 Nf6 4. Ng5 d5 5. exd5 Nxd5 6. Nxf7 Kxf7 7. Qf3+ Qf6
8. Bxd5+ Be6 9. Bxc6 bxc6 10. Qxc6 Be7 11. O-O Bd6 12. d3 1-0

[Event "AUTO-ADV-1362"]
[Site "http://www.queenalice.com/game.php?id=602346"]
[Date "2009.6.12"]
[Round "1"]
[White "Elegua"]
[Black "gedalias"]
[Result "0-1"]
[WhiteElo "1562"]
[BlackElo "1855"]

1. e4 c5 2. c4 Nc6 3. Nc3 e6 4. Nf3 Be7 5. a3 Nf6 6. Bd3 d5 7. cxd5 exd5 8. e5
Ng4 9. h3 Ngxe5 10. Nxe5 Nxe5 11. Bb5+ Nc6 12. Bxc6+ bxc6 13. O-O O-O 0-1